মুক্তিযুদ্ধ স্বাধীনতা ও বঙ্গবন্ধু / (Record no. 104513)
[ view plain ]
| 000 -LEADER | |
|---|---|
| fixed length control field | 00770nam a22002057a 4500 |
| 003 - CONTROL NUMBER IDENTIFIER | |
| control field | BD-DhUL |
| 005 - DATE AND TIME OF LATEST TRANSACTION | |
| control field | 20220224112339.0 |
| 008 - FIXED-LENGTH DATA ELEMENTS--GENERAL INFORMATION | |
| fixed length control field | 160905s1997 bg ||||| |||| 00| 0 ben |
| 020 ## - INTERNATIONAL STANDARD BOOK NUMBER | |
| International Standard Book Number | 9844014174 (hbk) |
| 040 ## - CATALOGING SOURCE | |
| Original cataloging agency | BD-DhUL |
| Transcribing agency | BD-DhUL |
| 082 ## - DEWEY DECIMAL CLASSIFICATION NUMBER | |
| Classification number | 954.92 |
| Item number | MAM |
| 100 1# - MAIN ENTRY--PERSONAL NAME | |
| Personal name | মঞ্জুর, নুরুল ইসলাম। |
| 245 00 - TITLE STATEMENT | |
| Title | মুক্তিযুদ্ধ স্বাধীনতা ও বঙ্গবন্ধু / |
| Statement of responsibility, etc. | নুরুল ইসলাম মঞ্জুর। |
| 260 ## - PUBLICATION, DISTRIBUTION, ETC. (IMPRINT) | |
| Place of publication, distribution, etc. | ঢাকা : |
| Name of publisher, distributor, etc. | আগামী, |
| Date of publication, distribution, etc. | ১৯৯৭। |
| 300 ## - PHYSICAL DESCRIPTION | |
| Extent | ১১২ পৃ. ; |
| Dimensions | ২২ সেমি |
| 365 ## - TRADE PRICE | |
| Price type code | BDT |
| Price amount | 80.00 |
| 650 #4 - SUBJECT ADDED ENTRY--TOPICAL TERM | |
| Topical term or geographic name as entry element | বাংলাদেশ |
| General subdivision | ইতিহাস |
| 650 #4 - SUBJECT ADDED ENTRY--TOPICAL TERM | |
| Topical term or geographic name as entry element | Bangladesh |
| General subdivision | History |
| 942 ## - ADDED ENTRY ELEMENTS (KOHA) | |
| Source of classification or shelving scheme | |
| Koha item type | Books |
| Price effective from | Date last seen | Permanent Location | Not for loan | Date acquired | Source of classification or shelving scheme | Koha item type | Lost status | Withdrawn status | Copy number | Source of acquisition | Collection code | Damaged status | Shelving location | Barcode | Current Location | Full call number |
|---|---|---|---|---|---|---|---|---|---|---|---|---|---|---|---|---|
| 2016-01-31 | 2016-01-31 | Dhaka University Library | Not For Loan | 1992-06-16 | Books | 1 | Purchased | Non Fiction | Liberation War Collection | 363728 | Dhaka University Library | 954.92 MAM | ||||
| 2016-09-06 | 2016-09-06 | Dhaka University Library | 2016-09-06 | Books | 6 | purchased | Non Fiction | General Stacks | 390480 | Dhaka University Library | 954.92 MAM | |||||
| 2016-09-06 | 2016-09-06 | Dhaka University Library | 2016-09-06 | Books | 5 | purchased | Non Fiction | General Stacks | 363732 | Dhaka University Library | 954.92 MAM | |||||
| 2016-09-06 | 2016-09-06 | Dhaka University Library | 2016-09-06 | Books | 2 | purchased | Non Fiction | General Stacks | 363729 | Dhaka University Library | 954.92 MAM | |||||
| 2016-09-06 | 2016-09-06 | Dhaka University Library | 2016-09-06 | Books | 4 | purchased | Non Fiction | General Stacks | 363731 | Dhaka University Library | 954.92 MAM | |||||
| 2016-09-06 | 2016-09-06 | Dhaka University Library | 2016-09-06 | Books | 3 | purchased | Non Fiction | General Stacks | 363730 | Dhaka University Library | 954.92 MAM | |||||
| 2021-12-23 | 2021-12-23 | Dhaka University Library | 2021-10-21 | Books | 7 | Gift | Non Fiction | General Stacks | 510280 | Dhaka University Library | 954.92 MAM |
